000 00331nam a22001457a 4500
003 SGT
020 _a97815-43343-11-3
082 _a543
_bPAT
100 _aPATIL, SHITAL
245 _aADVANCED INSTRUMENTATION TECHNIQUES
260 _aINDIA
_bPEE VEE PUB.
_c2019
300 _a224
650 _aPATIL, SHITAL
942 _2ddc
_cBK
999 _c32448
_d32448